Trắc nghiệm và ứng dụng

Saved in:
Bibliographic Details
Main Author: Lâm Quang Thiệp
Format: Book
Published: H. Khoa học và Kỹ thuật 2008
Subjects:
Tags: Add Tag
No Tags, Be the first to tag this record!
Institutions: Trung tâm Học liệu Lê Vũ Hùng, Trường Đại học Đồng Tháp
LEADER 00714pam a22002178a 4500
001 00021942
005 20171026081025.0
008 110527s2008 ||||||Viesd
041 0 # |a Vie 
082 1 4 |a 371.26  |b TR113NGH 
100 0 # |a Lâm Quang Thiệp 
245 0 0 |a Trắc nghiệm và ứng dụng  |c Lâm Quang Thiệp 
260 # # |a H.  |b Khoa học và Kỹ thuật  |c 2008 
300 # # |a 214 tr.  |b Sơ đồ  |c 24 cm. 
650 # 4 |a Trắc nghiệm 
653 # # |a Giáo dục 
653 # # |a Ứng dụng 
852 # # |j KD.0007867  |b Kho đọc 
852 # # |j KD.0007867  |j KM.0024935 
910 0 # |a nhnam  |d 27/05/2011 
980 # # |a Trung tâm Học liệu Lê Vũ Hùng, Trường Đại học Đồng Tháp